Statistics for Only NCAA School with the Nickname

Click here to take the quiz!

General Stats

  • This quiz has been taken 42 times
    (33 since last reset)
  • The average score is 83 of 288

Answer Stats

NicknameSchool% Correct
BoilermakersPurdue
90%
ZipsAkron
81%
Blue HensDelaware
81%
HoosiersIndiana
81%
Golden FlashesKent State University
81%
TerrapinsMaryland
81%
Golden GophersMinnesota
81%
CornhuskersNebraska
81%
SoonersOklahoma
81%
BillikensSaint Louis University
81%
CardinalStanford
81%
BonniesSt. Bonaventure
81%
Horned FrogsTexas Christian University
81%
Crimson TideUniversity of Alabama
81%
Black BearsUniversity of Maine
81%
MinutemenUniversity of Massachusetts
81%
LonghornsUniversity of Texas
81%
Demon DeaconsWake Forest
81%
RazorbacksArkansas
76%
ChanticleersCoastal Carolina
76%
Big GreenDartmouth
76%
HoyasGeorgetown
76%
CrimsonHarvard
76%
Fighting IlliniIllinois
76%
HawkeyesIowa
76%
JayhawksKansas
76%
LobosNew Mexico
76%
Tar HeelsNorth Carolina
76%
AnchormanRhode Island College
76%
Green WaveTulane
76%
Black KnightsU.S. Military Academy
76%
UtesUtah
76%
CommodoresVanderbilt
76%
Sun DevilsArizona State University
71%
Fighting IrishNotre Dame
71%
Nittany LionsPenn State
71%
FriarsProvidence
71%
Scarlet KnightsRutgers
71%
Red RaidersTexas Tech University
71%
Runnin' RebelsUNLV
71%
HokiesVirginia Tech
71%
CamelsCampbell University
67%
DutchCentral College
67%
Blue DemonsDePaul
67%
Thundering HerdMarshall
67%
SalukisSouthern Illinois University
67%
HattersStetson University
67%
OrangeSyracuse
67%
AnteatersUC Irvine
67%
VandalsUniversity of Idaho
67%
DonsUniversity of San Francisco
67%
MidshipmenU.S. Naval Academy
67%
MusketeersXavier
67%
GovernorsAustin Peay
62%
SeminolesFlorida State University
62%
SycamoresIndiana State University
62%
ExplorersLa Salle
62%
JaspersManhattan
62%
Mean GreenNorth Texas
62%
SpidersRichmond
62%
Golden HurricaneTulsa
62%
GauchosUC Santa Barbara
62%
Rainbow WarriorsUniversity of Hawaii at Manoa
62%
Ragin' CajunsUniversity of Louisiana at Lafayette
62%
ShockersWichita State University
62%
PaladinsFurman
57%
Blue HosePresbyterian
57%
JackrabbitsSouth Dakota State University
57%
RocketsToledo
57%
BeaconsUMass Boston
57%
Fighting HawksUniversity of North Dakota
57%
TribeWilliam & Mary
57%
Golden GriffinsCanisius
52%
Delta Devils | DevilettesMississippi Valley State University
52%
TorerosUniversity of San Diego
52%
Red WolvesArkansas State
48%
RamblersLoyola University Chicago
48%
BuckeyesOhio State University
48%
BearkatsSam Houston State
48%
IslandersTexas A&M-Corpus Christi
48%
Banana SlugsUC Santa Cruz
48%
Purple AcesUniversity of Evansville
48%
PilotsUniversity of Portland
48%
KeydetsVMI
48%
ChippewasCentral Michigan University
43%
JohnniesCollege of Saint Benedict and Saint John's University
43%
RedbirdsIllinois State University
43%
BlackbirdsLIU Brooklyn
43%
RacersMurray State University
43%
Wolf PackNevada
43%
BroncsRider University
43%
MocsUniversity of Tennessee at Chattanooga
43%
Golden LionsArkansas-Pine Bluff
38%
Mountain HawksLehigh
38%
Golden GrizzliesOakland University
38%
WavesPepperdine University
38%
Red FlashSaint Francis University
38%
RetrievesUniversity of Maryland-Baltimore County
38%
Runnin' BulldogsGardner-Webb
33%
Red FoxesMarist
33%
Purple EaglesNiagara University
33%
DemonsNorthwestern State
33%
River HawksUniversity of Massachusetts-Lowell
33%
LeathernecksWestern Illinois
33%
ThunderbirdsSouthern Utah University
29%
TommiesSt. Thomas
29%
NanooksUniversity of Alaska
29%
Crimson HawksIndiana University of Pennsylvania
24%
MastodonsIPFW
24%
BisonsLipscomb
24%
YeomenOberlin College
24%
BoxersPacific University
24%
GorillasPittsburg State
24%
VaquerosUniversity of Texas Rio Grande Valley
24%
BattlersAlderson Broaddus University
19%
Boll Weevils | Cotton BlossomsArkansas-Monticello
19%
AuggiesAugsburg University
19%
MatadorsCalifornia State University Northridge
19%
BaronsFranciscan University of Steubenville
19%
Blue TigersLincoln
19%
Bald EaglesLock Haven University
19%
ChoctawsMississippi College
19%
Fighting MuskiesMuskingum University
19%
VioletsNew York University
19%
MonksSaint Joseph's College of Maine
19%
HardrockersSouth Dakota Schools of Mines and Technology
19%
BellesSt. Mary's
19%
BantamsTrinity College
19%
JenniesUniversity of Central Missouri
19%
Purple RaidersUniversity of Mount Union
19%
IchabodsWashburn
19%
MaccabeesYeshiva
19%
BritonsAlbion College
14%
AMCatsAnna Maria College
14%
Big BluesBluefield State
14%
JudgesBrandeis
14%
GentlemanCentenary College of Louisiana
14%
CaptainsChristopher Newport University
14%
OrediggersColorado School of Mines
14%
CobbersConcordia College
14%
PreachersConcordia Seminary
14%
TrailblazersDixie State University
14%
Flying FleetErskine
14%
DiplomatsFranklin & Marshall
14%
Golden TornadoesGeneva College
14%
BulletsGettysburg College
14%
ContinentalsHamilton College
14%
FordsHaverford College
14%
Black SquirrelsHaverford University
14%
Student PrincesHeidelberg University
14%
BlueboysIllinois College
14%
BombersIthaca
14%
Blue StreaksJohn Carroll
14%
Golden BullsJohnson C. Smith
14%
ForestersLake Forest College
14%
DuhawksLoras College
14%
Green TerrorMcDaniel
14%
Big BlueMillikin
14%
MajorsMillsaps
14%
Maroon TigersMorehouse
14%
BishopsOhio Wesleyan University
14%
Fightin' EngineersRose-Hulman
14%
Green KnightsSt. Norbert
14%
JavelinasTexas A&M-Kingsville
14%
Golden TigersTuskegee University
14%
Sugar BearsUniversity of Central Arkansas
14%
BronchosUniversity of Central Oklahoma
14%
GeneralsWashington & Lee
14%
GorlocksWebster
14%
BluesWhitman College
14%
PoetsWhittier College
14%
EphsWilliams College
14%
BlugoldsWisconsin-Eau Claire
14%
PointersWisconsin-Stevens Point
14%
SaxonsAlfred University
10%
MammothsAmherst
10%
Wonder BoysArkansas Tech University
10%
Battlin' BeaversBlackburn College
10%
BridgesBrooklyn College
10%
TartansCarnegie Mellon
10%
IndiansCatawba
10%
KohawksCoe College
10%
WaspsEmory & Henry College
10%
GustiesGustavas Adolphus
10%
ReddiesHenderson State University
10%
HeronsHobart and William Smith Colleges
10%
LordsKenyon College
10%
TornadoKing University
10%
Prairie FireKnox College
10%
RailsplittersLincoln Memorial University
10%
ChaparralsLubbock Christian University
10%
AngelsMeredith College
10%
Prairie WolvesNebraska Wesleyan
10%
RiverhawksNortheastern State
10%
CadetsNorwich University
10%
Stormy PetrelsOglethorpe University
10%
SettersPace University
10%
LutesPacific Lutheran
10%
SagehensPomona-Pitzer
10%
RegentsRockford University
10%
TarsRollins College
10%
ProfsRowan
10%
SeagullsSalisbury University
10%
The RockSlippery Rock
10%
Savage StormSoutheastern Oklahoma State University
10%
MuleridersSouthern Arkansas
10%
OlesSt. Olaf
10%
VixensSweet Briar College
10%
TomcatsThiel College
10%
JumbosTufts University
10%
DutchmanUnion College
10%
LopersUniversity of Nebraska-Kearney
10%
Nor'eastersUniversity of New England
10%
LoggersUniversity of Puget Sound
10%
ArrowsUrsuline College
10%
Little GiantsWabash
10%
PresidentsWashington & Jefferson College
10%
BlueWellesley College
10%
Great DanesAbany
5%
Scottish TerriersAgnes Scott College
5%
InfernoAlverno College
5%
RaptorsBard College
5%
DeaconsBloomfield College
5%
SilverswordsChaminade University of Honolulu
5%
AthenasClaremont-Mudd-Scripps
5%
CobrasCoker College
5%
White MulesColby College
5%
ThunderWolvesColorado State University-Pueblo
5%
ZiasEastern New Mexico University
5%
GullsEndicott College
5%
MoccasinsFlorida Southern College
5%
GophersGoucher College
5%
BloodhoundsJohn Jay College
5%
GiantsKeystone College
5%
Fighting KnightsLynn University
5%
ValiantsManhattanville College
5%
Golden FlyersNazareth
5%
Gothic KnightsNew Jersey City University
5%
TimberwolvesNorthwood University
5%
CannoneersPratt Institute
5%
CentaursPurdue North Central
5%
HillcatsRogers State
5%
SpiritsSalem College
5%
Crimson StormSouthern Nazarene
5%
PumasSt. Joseph's College
5%
Great LakersSUNY Oswego
5%
Texans/TexannsTarlton State University
5%
DustDevilsTexas A&M International University
5%
CorsairsUMass Dartmouth
5%
OilersUniversity of Findlay
5%
Prairie StarsUniversity of Illinois at Springfield
5%
FirebirdsUniversity of the District of Columbia
5%
DevilsUniversity of the Sciences
5%
BrewersVassar
5%
ExpressWells College
5%
Urban KnightsAcademy of Art University
0%
RavensAnderson University
0%
SeasidersBrigham Young University–Hawaii
0%
Kingsmen | RegalsCalifornia Lutheran University
0%
TorosCalifornia State University Dominguez Hills
0%
OttersCalifornia State University Monterey Bay
0%
LadiesCentenary College of Louisiana
0%
ValkyriesConverse College
0%
Red DevilsDickinson College
0%
SunbirdsFresno Pacific University
0%
Sea WarriorsHawaii Pacific University
0%
Mighty MacsImmaculata
0%
MuskiesLakeland College
0%
LasersLasell
0%
LightningLehman
0%
MagiciansLeMoyne-Owen
0%
SquirrelsMay Baldwin College
0%
LumberJacks | LumberJillsNorthland College
0%
SailfishPalm Beach Atlantic University
0%
Little JohnsPenn State Abington
0%
Sea LionsPoint Loma Nazarene University
0%
Scarlet RaptorsRutgers-Camden
0%
Scarlet RaidersRutgers-Newark
0%
PenmenSouthern New Hampshire University
0%
Purple KnightsUniversity of Bridgeport
0%
Mountain CatsUniversity of Pittsburgh at Johnstown
0%
Screaming EaglesUniversity of Southern Indiana
0%
MarlinsVirginia Wesleyan
0%
ShoremanWashington College
0%

Score Distribution

Percentile by Number Answered

Percent of People with Each Score

Your Score History

You have not taken this quiz since the last reset